Dimensions: (Record no. 19782)
[ view plain ]
| 000 -CABECERA | |
|---|---|
| campo de control de longitud fija | 00593nam a2200205 4500 |
| 003 - IDENTIFICADOR DEL NÚMERO DE CONTROL | |
| campo de control | OSt |
| 005 - FECHA Y HORA DE LA ÚLTIMA TRANSACCIÓN | |
| campo de control | 20260601170954.0 |
| 008 - DATOS DE LONGITUD FIJA--INFORMACIÓN GENERAL | |
| campo de control de longitud fija | 260506b\\\\\\\\||||||||\||||\00|\0\eng\d |
| 040 ## - FUENTE DE LA CATALOGACIÓN | |
| Centro catalogador/agencia de origen | ICI |
| Lengua de catalogación | spa |
| Centro/agencia transcriptor | ICI |
| 050 ## - SIGNATURA TOPOGRÁFICA DE LA BIBLIOTECA DEL CONGRESO | |
| Número de clasificación | GA201 |
| Número de documento/Ítem | .D56 |
| 100 #1 - ENTRADA PRINCIPAL--NOMBRE DE PERSONA | |
| Nombre de persona | Cross, James |
| 9 (RLIN) | 30345 |
| 245 #1 - MENCIÓN DE TÍTULO | |
| Título | Dimensions: |
| Resto del título | The Design of the Earth |
| Mención de responsabilidad, etc. | James Cross; Maxwell Arnold |
| 264 ## - PRODUCCIÓN, PUBLICACIÓN, DISTRIBUCIÓN, FABRICACIÓN Y COPYRIGHT | |
| Nombre del de productor, editor, distribuidor, fabricante | Simpson Paper Co. San Francisco |
| Fecha de producción, publicación, distribución, fabricación o copyright | 1989 |
| Producción, publicación, distribución, fabricación y copyright | California |
| 300 ## - DESCRIPCIÓN FÍSICA | |
| Extensión | 48 páginas |
| 336 ## - TIPO DE CONTENIDO | |
| Término de tipo de contenido | texto |
| Fuente | rdacontent |
| 337 ## - TIPO DE MEDIO | |
| Nombre/término del tipo de medio | sin medio |
| Fuente | rdamedia |
| 338 ## - TIPO DE SOPORTE | |
| Nombre/término del tipo de soporte | volumen |
| Fuente | rdacarrier |
| 500 ## - NOTA GENERAL | |
| Nota general | Libro extraordinario |
| 942 ## - ELEMENTOS DE PUNTO DE ACCESO ADICIONAL (KOHA) | |
| Fuente del sistema de clasificación o colocación | Dewey Decimal Classification |
| Tipo de ítem Koha | Libros |
| Suprimir en OPAC | 1 |
No items available.